Staying eviction (Record no. 68346)
[ view plain ]
| 000 -LEADER | |
|---|---|
| fixed length control field | 01416cam a2200265 4500 |
| 001 - CONTROL NUMBER | |
| control field | ABS64573 |
| 008 - FIXED-LENGTH DATA ELEMENTS--GENERAL INFORMATION | |
| fixed length control field | 010924n2001 000 0 eng u |
| 035 ## - SYSTEM CONTROL NUMBER | |
| System control number | (Sirsi) u114802 |
| 100 ## - MAIN ENTRY--PERSONAL NAME | |
| Personal name | Henderson, A. |
| 245 ## - TITLE STATEMENT | |
| Title | Staying eviction |
| 260 ## - PUBLICATION, DISTRIBUTION, ETC. | |
| Date of publication, distribution, etc. | 2001 |
| 490 ## - SERIES STATEMENT | |
| Series statement | Solicitors' Journal |
| Volume/sequential designation | 145(33) 7 September 2001, 792-793(2) |
| 520 ## - SUMMARY, ETC. | |
| Summary, etc. | Considers the law governing the suspension of the execution of warrants for the possession of residential premises. Discusses two recent decisions by the CA - "Sheffield City Council v Hopkins" and "St Brice v Southwark LBC", which represent a welcome addition to the law, particularly in the light of the introduction of the Civil Procedure Rules and the Human Rights Act 1998. The tenor of both cases is to encourage flexibility. It appears that once a possession order is ready for enforcement then enforcement can go ahead without a further hearing, and the landlord can make further allegations as to why the tenant should leave the property. |
| 590 ## - LOCAL NOTE (RLIN) | |
| Local note | ABS |
| 650 ## - SUBJECT ADDED ENTRY--TOPICAL TERM | |
| Topical term or geographic name entry element | WARRANTY FOR POSSESSION |
| 650 ## - SUBJECT ADDED ENTRY--TOPICAL TERM | |
| Topical term or geographic name entry element | SUSPENSION |
| 650 ## - SUBJECT ADDED ENTRY--TOPICAL TERM | |
| Topical term or geographic name entry element | CIVIL PROCEDURE RULES |
| 650 ## - SUBJECT ADDED ENTRY--TOPICAL TERM | |
| Topical term or geographic name entry element | HUMAN RIGHTS ACT 1998 |
| 650 ## - SUBJECT ADDED ENTRY--TOPICAL TERM | |
| Topical term or geographic name entry element | SHEFFIELD CC V HOPKINS |
| 650 ## - SUBJECT ADDED ENTRY--TOPICAL TERM | |
| Topical term or geographic name entry element | ST BRICE AND ANOTHER V SOUTHWARK LBC |
| 650 ## - SUBJECT ADDED ENTRY--TOPICAL TERM | |
| Topical term or geographic name entry element | EVICTION |
| 690 ## - LOCAL SUBJECT ADDED ENTRY--TOPICAL TERM (OCLC, RLIN) | |
| Topical term or geographic name as entry element | PROPERTY-RESIDENTIAL PROPERTY-RESIDENTIAL LANDLORD AND TENANT-RESIDENTIAL TENANCIES |
| 700 ## - ADDED ENTRY--PERSONAL NAME | |
| Personal name | Heppinstall, A. |
| 942 ## - ADDED ENTRY ELEMENTS (KOHA) | |
| Suppress in OPAC | 0 |
| Withdrawn status | Lost status | Source of classification or shelving scheme | Damaged status | Not for loan | Home library | Current library | Shelving location | Date acquired | Total Checkouts | Full call number | Barcode | Date last seen | Copy number | Price effective from | Koha item type |
|---|---|---|---|---|---|---|---|---|---|---|---|---|---|---|---|
| Dewey Decimal Classification | London | London | Journal article | 24/09/2001 | ABS64573 | 114802-1001 | 06/08/2019 | 1 | 06/08/2019 | Journal article |